书目信息 |
| 题名: |
市政工程造价实训
|
|
| 作者: | 胡晓娟 主编 | |
| 分册: | ||
| 出版信息: | 北京 中国建筑工业出版社 2018.12 |
|
| 页数: | 176页 | |
| 开本: | 28cm | |
| 丛书名: | ||
| 单 册: | ||
| 中图分类: | TU723.3 | |
| 科图分类: | ||
| 主题词: | 建筑工程--施工组织 , 建筑工程--施工计划 | |
| 电子资源: | ||
| ISBN: | 978-7-112-22633-7 | |
| 000 | 00619nam0 2200205 450 | |
| 001 | 1955688334 | |
| 005 | 20190306152933.28 | |
| 010 | @a978-7-112-22633-7@dCNY28.00 | |
| 100 | @a20190306d2018 km y0chiy0120 ea | |
| 101 | 0 | @achi |
| 102 | @aCN@b110000 | |
| 200 | 1 | @a市政工程造价实训@Ashi zheng gong cheng zao jia shi xun@f胡晓娟主编@Fhu xiao juan zhu bian |
| 210 | @a北京@c中国建筑工业出版社@d2018.12 | |
| 215 | @a176页@d28cm | |
| 606 | 0 | @a建筑工程@x施工组织 |
| 606 | 0 | @a建筑工程@x施工计划 |
| 690 | @aTU723.3@v4 | |
| 701 | 0 | @a胡晓娟@Ahu xiao juan@4主编 |
| 801 | 0 | @aCN@bMUSE@c20190306 |
| 905 | @aMUSE@dTU723.3@eH5121 | |
| 市政工程造价实训/胡晓娟主编.-北京:中国建筑工业出版社,2018.12 |
| 176页;28cm |
| ISBN 978-7-112-22633-7:CNY28.00 |
| ● |
| 相关链接 |
|
|
|
正题名:市政工程造价实训
索取号:TU723.3/H5121
 
预约/预借
| 序号 | 登录号 | 条形码 | 馆藏地/架位号 | 状态 | 备注 |
| 1 | 1305298 | 213052989 | 建筑库201/201建筑库 34排4列2层/ [索取号:TU723.3/H5121] | 在馆 |